Caminos de hierro : políticas de estado y soberanía /
Guardado en:
| Autor Principal: | |
|---|---|
| Formato: | Libro |
| Idioma: | Spanish |
| Publicado: |
Buenos Aires :
Ciccus,
2012.
|
| Edición: | 1a. ed. |
| Materias: | |
| Etiquetas: |
Agregar Etiqueta
Sin Etiquetas, Sea el primero en etiquetar este registro!
|
| LEADER | 00553nam a22001815a 4500 | ||
|---|---|---|---|
| 001 | DER.der014536 | ||
| 008 | 191202s2012####ag############000#0#spa#d | ||
| 005 | 20240311101104.0 | ||
| 245 | 1 | 0 | |a Caminos de hierro : |b políticas de estado y soberanía / |c Olga Teresa Funes. |
| 250 | |a 1a. ed. | ||
| 260 | |a Buenos Aires : |b Ciccus, |c 2012. | ||
| 300 | |a 221 p. | ||
| 020 | |a 9789871599912 | ||
| 100 | 1 | |a Funes, Olga Teresa. | |
| 650 | 7 | |a TRANSPORTES URBANOS | |
| 650 | 7 | |a POLITICAS PUBLICAS | |
| 650 | 7 | |a EMERGENCIA FERROVIARIA | |
| 859 | |a DERECHO |b BIB. DERECHO |h 385 |i FUN |p 009818 | ||
